000 00413nam a2200145 i 4500
001 bg
100 1 _aPIENKOWSKI, Kazimierz
245 0 _aZastosowanie teorii potencjalu do profilowania wirnikow /
_cKazimierz Pieńkowski, Adam Sławomir Soroko.
260 _aBialystok,
_c1980.
700 1 _aSOROKO, Adam Slawomir
040 _cBPK
041 _apol
942 _cKS
008 s pl f |000 0 pol
999 _c19627
_d19627
856 _uhttp://koha.tu.koszalin.pl/cgi-bin/koha/opac-detail.pl?biblionumber=19627
_yKatalog online BPK